La montaña de los siete círculos

Saved in:
Bibliografiske detaljer
Hovedforfatter: Merton, Thomas (autor)
Format: Bog
Sprog:spansk
Udgivet: Buenos Aires Sudamericana 1950
Udgivelse:4a. ed
Fag:
Tags: Tilføj Tag
Ingen Tags, Vær først til at tagge denne postø!

MARC

LEADER 00000cam a2200000 a 4500
001 UCE7381
003 CL-VaPUC
008 150605e19500000ag |||||||||||||||||spa|d
082 0 4 |a 294.3927  |b MER  |2 21 
100 |a Merton, Thomas  |e autor  |9 395244 
245 1 0 |a La montaña de los siete círculos 
250 |a 4a. ed 
300 |a 625 p 
942 |c BK 
945 |d 20150605 14:50:00  |a gsalatino 
260 |a Buenos Aires  |b Sudamericana  |c 1950 
650 0 |a Espiritualidad   |9 267331 
650 0 |a Escritores católicos  |9 314033 
583 |a last modification  |c 20150605 14:50:00  |k Rodrigo Vera 
999 |c 359476  |d 359474 
952 |0 0  |1 0  |3 erb  |4 0  |6 294_392700000000000_MER_1950  |7 0  |8 P  |9 468676  |a BIBEDU  |b BIBEDU  |c BIBEDU_PB  |e Villagrán Garnham, Jorge  |i 5176816  |o 294.3927 MER 1950  |p 5176816  |r 2024-01-25  |w 2019-11-23  |y BK  |z Catalogado en:20150605  |k LIT